000 00713nam a2200289Ia 4500
005 20260324140902.0
008 008 260324s9999 xx 000 0 eng d
020 _a9780203058558
037 _aEBOOK
040 _aCRL
040 _beng
040 _cCRL
041 _2eng
041 _aeng
084 _qCRL
100 _aSiga Fatima Jagne; Pushpa Naidu Parekh
_91206101
245 0 _aPostcolonial African Writers
245 2 _bA Bio-bibliographical Critical Sourcebook
260 _bTaylor and Francis
260 _c1998
365 _a
365 _b230
856 _uhttp://www.taylorfrancis.com/books/9780203058558
942 _cEBOOK
999 _c1808628
_d1808628